[Event "31.Schlosspark-Open"]
[Site "Wiesbaden-Biebrich"]
[Date "2019.08.23"]
[Round "3.82"]
[White "Sturm, Holger"]
[Black "Muenstermann, Matthias"]
[Result "0-1"]
[WhiteElo "1398"]
[BlackElo "1691"]
[PlyCount "162"]
[EventDate "2019.??.??"]
[WhiteTeam "Schierstein"]
[BlackTeam "SK Langen"]

1. d4 Nf6 2. c4 g6 3. Nc3 d5 4. Nf3 Bg7 5. e3 O-O 6. Bd3 Na6 7. O-O c5 8. Qb3
cxd4 9. exd4 Nc7 10. Be3 dxc4 11. Bxc4 e6 12. Rad1 Nfd5 13. Bg5 f6 14. Bh4 b6
15. Rfe1 Qd7 16. Bg3 Nxc3 17. Qxc3 Nd5 18. Qb3 Bb7 19. Rc1 Rfe8 20. Bb5 Qe7 21.
Bxe8 Rxe8 22. Qa4 a5 23. h4 Bh6 24. Rc2 Bf4 25. Rce2 Bc8 26. Qc6 Qd8 27. Re4
Bxg3 28. fxg3 Nb4 29. Qc4 Qd6 30. Kh2 Nd5 31. Ng1 f5 32. Re5 Nf6 33. Kh3 Ng4
34. Qe2 Nxe5 35. dxe5 Qc6 36. Rd1 Bb7 37. Rd6 Qc1 38. Qf2 b5 39. Rb6 Bc6 40.
Ra6 a4 41. Kh2 Bd5 42. a3 Rc8 43. Rd6 Qc2 44. Rd8+ Kg7 45. Rxc8 Qxc8 46. Qa7+
Qb7 47. Qxb7+ Bxb7 48. Ne2 Bd5 49. Nd4 Bc4 50. Kg1 h6 51. Kf2 g5 52. h5 Kf7 53.
Kf3 Ke7 54. Ke3 Kd7 55. Kd2 Kc7 56. Kc3 Kb6 57. Kb4 g4 58. b3 axb3 59. Nxb3
Bxb3 60. Kxb3 Ka5 61. Kc3 Ka4 62. Kb2 b4 63. axb4 Kxb4 64. Kc2 Kc4 65. Kd2 Kd4
66. Ke2 Kxe5 67. Ke3 Kf6 68. Kd4 e5+ 69. Ke3 Kg5 70. Kf2 Kxh5 71. Ke3 Kg5 72.
Kf2 f4 73. gxf4+ Kxf4 74. g3+ Ke4 75. Ke2 h5 76. Kf2 Kd3 77. Ke1 Ke3 78. Kf1
Kd2 79. Kf2 e4 80. Kg2 e3 81. Kf1 e2+ 0-1

[Event "31.Schlosspark-Open"]
[Site "Wiesbaden-Biebrich"]
[Date "2019.08.23"]
[Round "3.83"]
[White "Breitbach, Stephan"]
[Black "Richter, Tim"]
[Result "1-0"]
[WhiteElo "1653"]
[BlackElo "1430"]
[PlyCount "59"]
[EventDate "2019.??.??"]
[WhiteTeam "SC Landskrone"]
[BlackTeam "SF Heidesheim"]

1. Nf3 Nf6 2. d4 g6 3. c4 Bg7 4. Nc3 d6 5. g3 O-O 6. Bg2 Re8 7. O-O Nbd7 8. e3
e5 9. Qc2 Qe7 10. b3 c5 11. d5 Nf8 12. e4 N6d7 13. Bd2 Nb6 14. Rac1 f5 15. Nh4
Qf7 16. f4 fxe4 17. Nxe4 Qe7 18. a4 a5 19. fxe5 Bxe5 20. Bg5 Bd4+ 21. Kh1 Qc7
22. Rce1 Bd7 23. Bf6 Bxf6 24. Nxf6+ Kh8 25. Nxe8 Rxe8 26. Rxe8 Bxe8 27. Rxf8+
Kg7 28. Rxe8 Qf7 29. Qe2 Qf6 30. Qe7+ 1-0

[Event "31.Schlosspark-Open"]
[Site "Wiesbaden-Biebrich"]
[Date "2019.08.23"]
[Round "3.84"]
[White "Raima, Jan"]
[Black "Staggat, Rolf"]
[Result "0-1"]
[WhiteElo "1363"]
[BlackElo "1639"]
[PlyCount "86"]
[EventDate "2019.??.??"]
[WhiteTeam "FC Bierstadt"]
[BlackTeam "Schierstein"]

1. b4 a5 2. b5 c6 3. a4 cxb5 4. axb5 d5 5. e3 e6 6. Nf3 Nf6 7. Be2 Be7 8. O-O
O-O 9. Ba3 Nbd7 10. d4 Nb6 11. Nbd2 Bd7 12. Nb3 Bxa3 13. Rxa3 Nc4 14. Bxc4 dxc4
15. Nc5 b6 16. Nxd7 Qxd7 17. Qb1 Nd5 18. h3 Qd6 19. Ra1 f6 20. Qb2 c3 21. Qa3
Qxa3 22. Rxa3 Rfc8 23. Rc1 Rc4 24. Kf1 Rac8 25. Rb1 Rb4 26. Rbb3 Rxb3 27. Rxb3
Rc4 28. e4 Nc7 29. e5 a4 30. Rb1 Nd5 31. g3 Rb4 32. Ra1 Nc7 33. exf6 gxf6 34.
Ra3 Nxb5 35. Ra1 Nxd4 36. Nxd4 Rxd4 37. Ra3 b5 38. Rxc3 b4 39. Re3 Kf7 40. Re1
Rc4 41. Rb1 a3 42. Ke1 a2 43. Ra1 Rxc2 0-1

[Event "31.Schlosspark-Open"]
[Site "Wiesbaden-Biebrich"]
[Date "2019.08.23"]
[Round "3.85"]
[White "Scheid, Lennart"]
[Black "Machwirth, Ernst"]
[Result "1-0"]
[WhiteElo "1463"]
[BlackElo "1388"]
[PlyCount "77"]
[EventDate "2019.??.??"]
[WhiteTeam "SK Ladenburg"]
[BlackTeam "Sfr. Wiesbaden"]

1. e4 e5 2. Nf3 Nc6 3. Bc4 Bc5 4. O-O d6 5. d3 Be6 6. Bxe6 fxe6 7. c3 Nf6 8. b4
Bb6 9. a4 a6 10. Be3 O-O 11. Bxb6 cxb6 12. Nbd2 Qe7 13. Nc4 Nd7 14. Qb3 h6 15.
Qd1 Rf7 16. Qe2 Raf8 17. Ncd2 Rf6 18. b5 axb5 19. axb5 Na5 20. d4 exd4 21. cxd4
e5 22. Nc4 Nb3 23. Rad1 exd4 24. Nxd4 Nbc5 25. f3 Ne6 26. Nf5 Qf7 27. Ncxd6 Qh5
28. Nxb7 Ne5 29. Qf2 Nf4 30. Kh1 Nfd3 31. Qh4 Qxh4 32. Nxh4 R8f7 33. Nd8 Rd7
34. Nc6 Nxc6 35. bxc6 Rxc6 36. Kg1 Rcd6 37. Nf5 Rf6 38. Ne7+ Kf7 39. Nd5 1-0

[Event "31.Schlosspark-Open"]
[Site "Wiesbaden-Biebrich"]
[Date "2019.08.23"]
[Round "3.86"]
[White "Berdyga, Mariusz"]
[Black "Freund, Stefan"]
[Result "1-0"]
[WhiteElo "1348"]
[BlackElo "1601"]
[PlyCount "89"]
[EventDate "2019.??.??"]
[WhiteTeam "CKR SSz Grójec"]
[BlackTeam "TuS Dotzheim"]

1. e4 d5 2. exd5 Qxd5 3. Nc3 Qa5 4. d4 Nf6 5. Nf3 c6 6. Bd2 Qc7 7. Bc4 e6 8.
Qe2 Be7 9. a4 a5 10. O-O O-O 11. Ne4 Nbd7 12. Neg5 Nb6 13. Bb3 h6 14. Ne4 Nxe4
15. Qxe4 Nd5 16. Ne5 Nf6 17. Qh4 Nh7 18. Qg4 Nf6 19. Qh3 Bd6 20. Rfe1 Bxe5 21.
dxe5 Nh7 22. Qg3 Kh8 23. Re4 Qe7 24. Rg4 g5 25. h4 f5 26. exf6 Nxf6 27. Bc3 e5
28. Rc4 Be6 29. hxg5 hxg5 30. Bxe5 Bxc4 31. Bxc4 Rf7 32. Qxg5 Raf8 33. Bxf7
Qxf7 34. Ra3 Qg7 35. Qxg7+ Kxg7 36. Rf3 Kg6 37. Bxf6 Re8 38. Bc3 Re2 39. Bxa5
Rxc2 40. Rb3 Rc4 41. Rb4 Rc5 42. Bb6 Rc1+ 43. Kh2 Rc2 44. a5 Kf5 45. Be3 1-0

[Event "31.Schlosspark-Open"]
[Site "Wiesbaden-Biebrich"]
[Date "2019.08.23"]
[Round "3.87"]
[White "Lehmann, Wolfgang"]
[Black "Baehrle, Julius"]
[Result "1-0"]
[WhiteElo "1599"]
[BlackElo "1349"]
[PlyCount "63"]
[EventDate "2019.??.??"]
[WhiteTeam "Wiesbadener SV"]
[BlackTeam "FC Bierstadt"]

1. d4 d6 2. Nf3 g6 3. e4 Bg7 4. c4 e6 5. Nc3 Nd7 6. Be2 Ne7 7. O-O O-O 8. Be3
b6 9. Rc1 Bb7 10. Qd2 Nf6 11. Bh6 Nxe4 12. Nxe4 Bxe4 13. Bxg7 Kxg7 14. d5 exd5
15. cxd5 Bxd5 16. Qc3+ Kg8 17. Qxc7 Bxa2 18. Rfe1 Nd5 19. Qc2 Rc8 20. Qa4 Rxc1
21. Rxc1 Qe7 22. Qxa2 Nb4 23. Qc4 Na2 24. Qxa2 Qxe2 25. Re1 Qb5 26. h3 a5 27.
Qa3 Rc8 28. Qxd6 Qxb2 29. Qd7 Qc2 30. Ng5 Rf8 31. Re8 Kg7 32. Qxf7+ 1-0

[Event "31.Schlosspark-Open"]
[Site "Wiesbaden-Biebrich"]
[Date "2019.08.23"]
[Round "3.88"]
[White "Vick, Edward"]
[Black "Masoudi, Kian"]
[Result "0-1"]
[WhiteElo "1238"]
[BlackElo "1598"]
[PlyCount "84"]
[EventDate "2019.??.??"]
[WhiteTeam "TuS Makkabi Wiesbaden"]
[BlackTeam "SF Frankfurt"]

1. e4 e5 2. Nf3 Nc6 3. Bc4 Nf6 4. Nc3 Nxe4 5. Nxe4 d5 6. Bxd5 Qxd5 7. Nc3 Qe6
8. O-O Bd6 9. Re1 Qg4 10. d4 f6 11. dxe5 fxe5 12. h3 Qg6 13. Bf4 O-O 14. Bg3
Qf6 15. Qd3 Bf5 16. Qd2 Rad8 17. Bh4 Qg6 18. Bxd8 Rxd8 19. Qg5 Qxg5 20. Nxg5 h6
21. Nf3 Bxc2 22. Nb5 Ba4 23. Nxd6 cxd6 24. b3 Bb5 25. a4 Bd3 26. Rad1 e4 27.
Nd2 d5 28. f3 Re8 29. fxe4 dxe4 30. Nb1 Nb4 31. Na3 Kf7 32. Kf2 Kf6 33. g4 Ke5
34. Nc4+ Kd4 35. Ne3 Rf8+ 36. Kg3 Rf3+ 37. Kg2 Rxe3 38. Rxe3 Kxe3 39. Rc1 Nc2
40. h4 Kd2 41. Rh1 e3 42. g5 Be4+ 0-1

[Event "31.Schlosspark-Open"]
[Site "Wiesbaden-Biebrich"]
[Date "2019.08.23"]
[Round "3.89"]
[White "Baumeister, Lutz"]
[Black "Koepke, Carolina"]
[Result "1/2-1/2"]
[WhiteElo "1505"]
[BlackElo "1316"]
[PlyCount "106"]
[EventDate "2019.??.??"]
[WhiteTeam "Wiesbadener SV"]
[BlackTeam "SV Oberursel"]

1. d4 d5 2. Nf3 Bg4 3. e3 e6 4. Be2 Nf6 5. h3 Bf5 6. O-O c5 7. dxc5 Bxc5 8. c3
O-O 9. Nbd2 Nc6 10. Nd4 Bg6 11. N2f3 e5 12. Nxc6 bxc6 13. Nxe5 Qd6 14. Nxg6
fxg6 15. Bf3 Rae8 16. a4 a5 17. Qc2 Bb6 18. Rd1 Bc7 19. Kf1 Nd7 20. Bd2 Ne5 21.
Be2 Qf6 22. Be1 Bb6 23. Kg1 Qg5 24. Kh1 Nd7 25. Rd3 Re4 26. b4 axb4 27. cxb4
Ne5 28. Rb3 Nc4 29. Bxc4 Rxc4 30. Rc3 Qe5 31. Rc1 Bxe3 32. Rd1 Rxc3 33. Bxc3 d4
34. Bxd4 Bxd4 35. Qc4+ Qd5 36. Qxd5+ cxd5 37. Rxd4 Rd8 38. b5 Kf7 39. b6 Ke7
40. a5 Kd6 41. b7 Kc7 42. a6 Kb8 43. f4 Ka7 44. Kg1 Kxa6 45. Rb4 Ka7 46. Kf2 d4
47. Ke2 d3+ 48. Kd2 Rb8 49. Kxd3 Rxb7 50. Rxb7+ Kxb7 51. Ke4 Kc7 52. Ke5 Kd7
53. g4 Ke7 1/2-1/2

[Event "31.Schlosspark-Open"]
[Site "Wiesbaden-Biebrich"]
[Date "2019.08.23"]
[Round "3.90"]
[White "Zimmer, Mireille E"]
[Black "Spiegel, Nina"]
[Result "1/2-1/2"]
[WhiteElo "1020"]
[BlackElo "1593"]
[PlyCount "38"]
[EventDate "2019.??.??"]
[BlackTeam "Sfr. Wiesbaden"]

1. d4 d5 2. Nf3 Nf6 3. b3 e6 4. e3 Be7 5. Bd3 O-O 6. O-O b6 7. Na3 Nbd7 8. c4
Bb7 9. Bb2 c5 10. Ng5 h6 11. Nh3 a6 12. Nc2 Qc7 13. f4 dxc4 14. bxc4 Ne4 15.
Bxe4 Bxe4 16. Ne1 Nf6 17. Nf3 Rfd8 18. Qe2 Rac8 19. Ne5 Qb8 1/2-1/2

[Event "31.Schlosspark-Open"]
[Site "Wiesbaden-Biebrich"]
[Date "2019.08.23"]
[Round "3.91"]
[White "Jahraus, Marlis"]
[Black "Lochmann, Tobias"]
[Result "1-0"]
[WhiteElo "1578"]
[BlackElo "1199"]
[PlyCount "35"]
[EventDate "2019.??.??"]
[WhiteTeam "SC Untergrombach"]
[BlackTeam "SV Groß-Gerau"]

1. e4 g6 2. d4 Nf6 3. Nc3 Nc6 4. Be3 Bg7 5. Qd2 O-O 6. f3 d5 7. e5 Nd7 8. Bh6
Bxh6 9. Qxh6 Nxd4 10. O-O-O Nxe5 11. Rxd4 e6 12. Rh4 Re8 13. Qxh7+ Kf8 14. Qh8+
Ke7 15. Qxe5 Kd7 16. Rf4 Ke7 17. Qf6+ Kf8 18. Qxf7# 1-0

[Event "31.Schlosspark-Open"]
[Site "Wiesbaden-Biebrich"]
[Date "2019.08.23"]
[Round "3.93"]
[White "Schneider, Luca"]
[Black "Kehrein, Lothar"]
[Result "1-0"]
[WhiteElo "1512"]
[BlackElo "958"]
[PlyCount "51"]
[EventDate "2019.??.??"]
[WhiteTeam "FC Bierstadt"]
[BlackTeam "SK Gau-Algesheim"]

1. Nf3 Nc6 2. d4 d5 3. Bf4 f6 4. c4 Bf5 5. cxd5 Nb4 6. Qa4+ Nc6 7. dxc6 bxc6 8.
Nc3 Bd7 9. e4 e6 10. Bc4 Ne7 11. Qa5 Qc8 12. Ba6 Qb8 13. Bxc7 Qxc7 14. Qxc7 Nc8
15. Bxc8 Rxc8 16. Qxa7 Rd8 17. O-O Be7 18. Na4 O-O 19. Nb6 Bd6 20. Nxd7 Rf7 21.
Nxf6+ gxf6 22. Qb6 Rc8 23. Rac1 Rfc7 24. d5 cxd5 25. Rxc7 Bxc7 26. Qxe6+ 1-0